Κατάλογος Βιβλιοθηκών Mediterranean College

Successful Tourism Marketing / A Practical Handbook (Record no. 2633)

MARC details
000 -LEADER
fixed length control field 01334cam a22001934a 4500
005 - ΗΜΕΡΟΜΗΝΙΑ ΚΑΙ ΩΡΑ ΤΕΛΕΥΤΑΙΑΣ ΕΝΗΜΕΡΩΣΗΣ
Πεδίο ελέγχου 20250605164048.0
008 - FIXED-LENGTH DATA ELEMENTS--GENERAL INFORMATION
Πεδίο ελέγχου σταθερού μήκους 250528s ||||||||||||||||||||||||d
035 ## - SYSTEM CONTROL NUMBER
System control number 17199
020 ## - ISBN
ISBN 749421231
040 ## - ΠΗΓΗ ΚΑΤΑΛΟΓΟΓΡΑΦΗΣΗΣ
Φορέας πρωτότυπης καταλογογράφησης MC Athens Campus Library
Γλώσσα καταλογογράφησης Ελληνικά, Μοντέρνα (1453-)
Modifying agency MC Athens Campus Library
Κανόνες περιγραφικής καταλογογράφησης AACR2
245 1# - ΤΙΤΛΟΣ ΚΑΙ ΔΗΛΩΣΗ ΥΠΕΥΘΥΝΟΤΗΤΑΣ
Τίτλος Successful Tourism Marketing / A Practical Handbook
260 ## - PUBLICATION, DISTRIBUTION, ETC.
Name of publisher, distributor, etc. Kogan Page,
Date of publication, distribution, etc. 1997
300 ## - PHYSICAL DESCRIPTION
Extent 208
520 ## - SUMMARY, ETC.
Summary, etc. This book considers domestic and overseas markets for tourism products, covering the travel trade and independent travelers. Acknowledgements, Introduction, The Tourism Industry, The Travel Trade, Needs of the Travel Trade, Schools and Educational Travel, Overseas Markets, Developing a Marketing Plan, What is Marketing?, Elements of a Marketing Plan, Current Situation, Marketing Objectives, Competitor Analysis, Competitive Advantage, Market Research, Survey Methods, Identifying Target Markets, Monitoring and Evaluation, Promotional Tools, Selecting Promotional Tools, Choosing Promotional Messages, Brochures and Print Material, Public Relations, Advertising, Using the Internet, Direct Mail, Sales Activities, Exhibitions, Marketing Consortia, Working with Tourist Boards, Working with Consultants, Case Studies and Examples of Good Marketing, Index.
700 1# - ΠΡΟΣΘΕΤΗ ΑΝΑΓΡΑΦΗ--ΦΥΣΙΚΟ ΠΡΟΣΩΠΟ
Personal name Briggs Susan
9 (RLIN) 3360
942 ## - ADDED ENTRY ELEMENTS (KOHA)
Koha item type Books
Holdings
Τύπος τεκμηρίου Βιβλιοθήκη Τρέχουσα τοποθεσία Barcode Αριθμός εισαγωγής Ημερομηνία απόκτησης Ταξιθετικό σύμβολο Αριθμός αντιτύπου Κατάσταση απόσυρσης Κατάσταση χαμένου Κατάσταση κατεστραμμένου Μη δανεισμός Σύνολο δανεισμών Ημερομηνία τελευταίας εμφάνισης Η τιμή ισχύει από
Books MC Athens Campus Library MC Athens Campus Library 9780000026323 8599 05/06/2025 338.47910688 BRI 1           05/06/2025 05/06/2025

MC Athens Campus Library
Πατησίων 94 & Κοδριγκτώνος 13, 104 34
Πελλήνης 8 & Πατησίων 107, 112 51
Τ: +30 210 8899600

MC Thessaloniki Campus Library
Ίωνος Δραγούμη 21, 54625 | Ίωνος Δραγούμη 15, 54625
Τ: +30 2310 287779 – Τ: +30 2314 440300